Verejná a komanditná spoločnosť

Bibliographic Details
Main Author: Kizlink, Karol, 1895-1976 (Author, Author of introduction, etc.)
Format: Book
Language:Slovak
PhysicalDescription:111, [i] s. 8°
Published: Bratislava Knižnica Slovenskej vysokej školy obchodnej 1945
Series:Knižnica Slovenskej vysokej školy obchodnej
Subjects:

MARC

LEADER 00000cam a2200000 a 4500
001 vtls008378578
003 SK-MaSNL
005 20260302041635.0
008 250313s1945 xo 000 0 slo
015 |a SNBA19421945-058/1242 
035 |a SK01SNKBKSD220010070795 
035 |a urn:nbn:sk:snk-am3hrsk 
035 |a ADF10DCD-29A2-4C5B-9631-DE936CA70AEB 
035 |a urn:nbn:sk:snk-am00d6zt 
035 |a SKM000073258 
040 |a SNK  |b slo  |c SNK  |e AACR2 
041 0 |a slo 
044 |a xo  |c SK 
080 |a 347  |2 1981 
080 |a 347.723  |2 2001 
080 |a 347.72  |2 2011 
080 |a (048.8)  |2 2011 
100 1 |a Kizlink, Karol,  |d 1895-1976  |4 aut  |4 aui  |9 104640 
245 1 0 |a Verejná a komanditná spoločnosť  |c napísal Karol Kizlink 
260 |a Bratislava  |b Knižnica Slovenskej vysokej školy obchodnej  |c 1945  |e Bratislava  |f Universum 
300 |a 111, [i] s.  |c 8° 
490 1 |a Knižnica Slovenskej vysokej školy obchodnej  |v sv. 2 
650 0 7 |a obchodné spoločnosti  |2 SNKPH  |9 3650 
650 0 7 |a komanditné spoločnosti  |2 SNKPH  |9 29177 
655 7 |a monografie  |2 SNKPH  |9 70139 
830 0 |a Knižnica Slovenskej vysokej školy obchodnej  |9 439230 
852 |a Slovenská národná knižnica 
958 |a OND 
958 |a RK 
958 |a TL 
999 |c 1079612  |d 1081542 
952 |a SNK  |b SNK  |y VYP  |7 0  |p 17A0616467  |o snkSC 8601 D1  |i snkKSF 3280/57  |8 5  |0 0  |1 0  |4 0  |d 2009-04-06  |l 0  |r 2026-02-24 16:21:45  |w 2026-02-24 
952 |a SNK  |b SNK  |y PREZ  |7 0  |p 17A0794972  |o snkSC 8601  |i snkKSF 2954/56  |8 5  |0 0  |1 0  |4 0  |d 2012-03-12  |f 1  |l 0  |r 2025-07-09 00:00:00  |w 2026-02-24